Green extraction techniques : principles, advances and applications /

Annotation

Bibliographic Details
Corporate Author: ScienceDirect (Online service)
Other Authors: Ibáñez, Elena, Cifuentes, Alejandro
Format: eBook
Language:English
Published: [Place of publication not identified] : Elsevier, 2017.
Series:Comprehensive analytical chemistry ; v. 76.
Subjects:
Online Access:Connect to the full text of this electronic book

MARC

Tag First Indicator Second Indicator Subfields
LEADER 00000cam a2200000 i 4500
001 in00005763421
005 20260327153431.3
006 m o d
007 cr |n|||||||||
008 170724s2017 xx o 000 0 eng d
040 |a D6H  |b eng  |e pn  |c D6H  |d UKMGB  |d UX1  |d VT2  |d OCLCO  |d OCLCQ  |d OCLCO  |d OCLCL  |d OCLCQ 
015 |a GBB797948  |2 bnb 
016 7 |a 018377408  |2 Uk 
019 |a 1235822895 
020 |a 9780128110829 
020 |a 0128110821 
020 |a 9780444638694 
020 |a 0444638695 
024 3 |a 9780128110829 
035 |a (OCoLC)1039524262  |z (OCoLC)1235822895 
037 |a 9780444638694  |b Ingram Content Group 
050 4 |a QD63.E88 
072 7 |a SCI  |x 013010  |2 bisacsh 
082 0 4 |a 543/.19  |2 23 
049 |a TXAM 
245 0 0 |a Green extraction techniques :  |b principles, advances and applications /  |c edited by Elena Ibañez and Alejandro Cifuentes. 
260 |a [Place of publication not identified] :  |b Elsevier,  |c 2017. 
300 |a 1 online resource. 
336 |a text  |b txt  |2 rdacontent 
337 |a computer  |b c  |2 rdamedia 
338 |a online resource  |b cr  |2 rdacarrier 
490 1 |a Comprehensive analytical chemistry ;  |v v. 76 
588 0 |a Print version record. 
520 8 |a Annotation  |b 'Green Extraction Techniques' the first work to compile all the multiple green extraction techniques and applications currently available, provides the most recent analytical advances in the main green extraction techniques. In-depth emerging green extraction approaches are discussed, together with their miniaturization and combination, showing the newest technologies that have been developed in the last few years for each case and providing a picture of the most innovative applications with further insights into future trends. 
650 0 |a Extraction (Chemistry) 
650 0 |a Green chemistry. 
650 6 |a Extraction (Chimie) 
650 6 |a Chimie verte. 
650 7 |a SCIENCE  |x Chemistry  |x Analytic.  |2 bisacsh 
650 7 |a Extraction (Chemistry)  |2 fast 
650 7 |a Green chemistry  |2 fast 
655 7 |a Electronic books.  |2 local 
700 1 |a Ibáñez, Elena. 
700 1 |a Cifuentes, Alejandro. 
710 2 |a ScienceDirect (Online service) 
758 |i has work:  |a Green extraction techniques (Text)  |1 https://id.oclc.org/worldcat/entity/E39PCFTkftC8yPkgh9BBg6QYvb  |4 https://id.oclc.org/worldcat/ontology/hasWork 
776 0 8 |i Print version:  |t Green extraction techniques.  |d [Place of publication not identified] : Elsevier, 2017  |z 0128110821  |z 9780128110829  |w (OCoLC)974020921 
830 0 |a Comprehensive analytical chemistry ;  |v v. 76. 
856 4 0 |u http://proxy.library.tamu.edu/login?url=https://www.sciencedirect.com/science/handbooks/0166526X/76  |z Connect to the full text of this electronic book  |t 0 
936 |a BATCHLOAD 
955 |a Elsevier ScienceDirect 2026-2027 
994 |a 92  |b TXA 
999 f f |i 69abfd00-567a-4bce-9e20-f4183b487b5f  |s bf6062fa-1274-4a9b-88df-d25e7c2666b5  |t 0 
952 f f |a Texas A&M University  |b College Station  |c Electronic Resources  |s www_evans  |d Available Online  |t 0  |e QD63.E88   |h Library of Congress classification 
998 f f |a QD63.E88   |t 0  |l Available Online